00431 2200169 4500001002100000005001500021035002000036245005500056100001700111250000600128300002900134260003400163082001400197084002000211020002200231990000800253INLIS00000000000026820190316111049 a0010-03190000851 aSerial Misteri :bMisteri Lereng Merapi /cDiOryza0 aRasyid Akbar a1 a112 hlm :bilus ;c20 cm aJakarta :bZikrul Kids,c2011 a899.221'3 a899.221'3 RAS s a978-979-063-682-8 a663